000 00974nam a2200301 i 4500
001 000044829
003 DO-SdBNP
005 20250312144824.0
007 ta
008 150113s2014 dr 000 f spa d
020 _a9789945166286
040 _aDO-SdBNP
_bspa
_cBNPHU
_erda
041 _aspa
082 4 _aRD863.44
_bG934e
_222
100 1 _aGuerrero, Laureano,
_d1952-
_eautor
_4aut.
_977343
245 1 3 _aEl estudiante ciego :
_bnovela /
_cLaureano Guerrero Sánchez.
264 _aSanto Domingo :
_bEditorial Santuario,
_c2014.
300 _a182 páginas ;
_c23 cm.
336 _atexto
_btxt
_2rdacontent
337 _asin mediación
_bn
_2rdamedia
338 _avolumen
_bnc
_2rdacarrier
500 _aIncluye datos biográficos del autor en la solapa de la cubierta
590 _aInventariado, 2020 /LP
650 0 _aNovela dominicana
_9223
650 0 _aLiteratura dominicana.
_967
910 _aVMateo/Validado. Control de calidad MFF
942 _2ddc
_cLBS1
999 _c44318
_d44318